000 00567nam a2200193Ia 4500
003 GCL
008 140319s9999 xx 000 0 ara d
040 _aGCL /
_cGCL
082 0 4 _a810.9
_bغ ا
100 1 _aغالى شكرى
245 1 0 _aازمة الجنس فى القصة العربية /
_cغالى شكرى
250 _aالاولى
260 _aالقاهرة :
_bدار الشروق ،
_c1991
300 _a358 ص ؛
_c21 سم
650 0 4 _aالجنس
650 0 4 _aالنقد الادبى
650 0 4 _aالقصة العربية
942 _2ddc
_cBK
999 _c44920
_d44920